000 00593cam a22002293a 4500
001 25380
003 PGUSA
005 20140828083539.0
008 080507s2008||||xxu|||||s|||||000 | eng d
040 _aPGUSA
_beng
042 _adc
050 4 _aPL
100 1 _aLi, Yu,
_d1611-
245 1 0 _a閒情偶寄
_h[electronic resource] /
_cYu Li
260 _bProject Gutenberg,
_c2008
506 _aPublic domain in the USA.
516 _aElectronic text
740 0 _aXian Qing Ou Ji
830 0 _aProject Gutenberg
_v25380
856 4 0 _uhttp://www.gutenberg.org/ebooks/25380
942 _cEB
999 _c254635
_d254635